000
00327nam a2200109Ia 4500
008
200302s9999 xx 000 0 und d
100
_a
Yusuf J. Ahmad & Other
245
_a
Integrated Physical, Socio-Economic and Environmental Planning
260
_b
United Nations Environment Programme Ltd.
260
_c
1982
300
_a
199 P.,
999
_c
5626
_d
5626